Países que estuvieron en el mundial 2022. - Estadísticas

Estadísticas generales
  • Esta prueba ha sido intentada 101 veces
  • La puntuación promedio es 28 de 32
Estadísticas de respuestas
Grupo Respuesta % Correcto
Grupo C Argentina
100%
Grupo D Francia
100%
Grupo B Estados Unidos
98%
Grupo E España
97%
Grupo E Alemania
95%
Grupo C México
94%
Grupo H Portugal
94%
Grupo G Brasil
93%
Grupo B Inglaterra
93%
Grupo D Australia
92%
Grupo E Japón
92%
Grupo F Marruecos
92%
Grupo A Países Bajos
92%
Grupo A Catar
91%
Grupo C Arabia Saudita
90%
Grupo C Polonia
88%
Grupo H Uruguay
88%
Grupo E Costa Rica
87%
Grupo F Croacia
87%
Grupo G Suiza
87%
Grupo F Bélgica
86%
Grupo F Canadá
86%
Grupo H Corea del Sur
86%
Grupo A Ecuador
85%
Grupo H Ghana
85%
Grupo A Senegal
84%
Grupo D Dinamarca
79%
Grupo B Irán
77%
Grupo G Camerún
76%
Grupo G Serbia
74%
Grupo B Gales
70%
Grupo D Túnez
67%
No se encontraron pruebas coincidentes
Distribución de puntuación
Porcentaje de gente con cada puntuación
Porcentaje por número respondido
Historial de tus puntuaciones
No has intentado esta prueba.